Structural breaks in selected Slovak main economic indicators

Guardado en:
Detalles Bibliográficos
Autor principal: Lyócsa, Štefan, 1982-
Otros Autores: Baumöhl, Eduard, 1982-, Výrost, Tomáš, 1978-
Formato: Capítulo de libro
Lenguaje:inglés
Materias:
Etiquetas: Agregar Etiqueta
Sin Etiquetas, Sea el primero en etiquetar este registro!

MARC

LEADER 00000naa a2200000 4500
001 0127914
005 20240502072446.5
041 0 |a eng 
044 |a SK 
245 1 0 |a Structural breaks in selected Slovak main economic indicators  |c Štefan Lyócsa, Eduard Baumöhl, Tomáš Výrost 
610 2 0 |a Slovensko 
610 2 0 |a ukazovatele ekonomické 
610 2 0 |a modely makroekonomické 
610 2 0 |a modely ekonometrické 
610 2 0 |a zmeny štruktúrne 
100 1 |a Lyócsa, Štefan, 1982- 
700 1 |a Baumöhl, Eduard, 1982- 
700 1 |a Výrost, Tomáš, 1978-